Sports Quiz

Random Sports or WWE Quiz
Score 0/100 Timer 12:00
7 Plays Today
Rank Wrestler % Correct
2The Undertaker
93.1%
13Hulk Hogan
92.2%
5Triple H
90.8%
57The Rock
88.5%
4Shawn Michaels
87.8%
87Steve Austin
85.8%
32John Cena
85.7%
6Kane
85.2%
1Bret Hart
81.8%
8Randy Savage
76.4%
11Owen Hart
76%
44Randy Orton
75.7%
15Edge
75.6%
23Big Show
71.4%
100Mick Foley
69.4%
24Christian
67.7%
22Chris Jericho
67.3%
28Jeff Hardy
67.3%
12Matt Hardy
66.9%
43Kurt Angle
64%
46Ultimate Warrior
62.8%
88Bob Orton Jr
61.7%
45Chris Benoit
61.2%
53Rey Mysterio Jr
60%
97Eddie Guerrero
58.7%
52Batista
58.1%
84Ric Flair
56.6%
42Sean Waltman
56.6%
51Andre the Giant
55.7%
86Razor Ramon
54.6%
17Bradshaw
54%
41Goldust
52.8%
58Chavo Guerrero Jr
52.4%
10Billy Gunn
51%
Rank Wrestler % Correct
64Bubba Ray Dudley
50.4%
82Roddy Piper
50.2%
66D-Von Dudley
50.1%
9Davey Boy Smith
47%
79Booker T
46.2%
54Ron Simmons
46.2%
74Mark Henry
45.5%
18Big Bossman
44.2%
26Jake Roberts
44%
21Ted DiBiase
42.9%
76Rob Van Dam
42.5%
68Sgt Slaughter
39.2%
40Mr Perfect
38.9%
47Charles Wright
37.2%
83Road Warrior Animal
35.7%
3Tito Santana
35.5%
19Hardcore Holly
35.5%
50Jimmy Snuka
35.2%
16Jim Neidhart
34.2%
55Test
33.4%
31Barry Darsow
33.1%
49Bob Backlund
32.8%
20Jim Duggan
32.6%
39Iron Sheik
31.8%
91Jeff Jarrett
31.2%
73Honkytonk Man
30.3%
78John Tenta
29.7%
7Greg Valentine
29.7%
60Bill Eadie
29.5%
89Crush
29%
25Brutus Beefcake
28.3%
29Rick Martel
28.1%
27IRS
28%
30Val Venis
28%
Rank Wrestler % Correct
77Viscera
27.8%
56William Regal
27.1%
48Marty Jannetty
26.2%
99Bam Bam Bigelow
25.9%
38Shelton Benjamin
25.6%
81D-Lo Brown
25.1%
70Junkyard Dog
24.8%
95Typhoon
24.4%
37Haku
23.8%
90Albert
23.6%
85Paul Orndorff
23%
96John Morrison
22%
62Tatanka
21%
14Steve Lombardi
20.8%
61Scott Taylor
20.6%
35Nikolai Volkoff
20.4%
63Bushwhacker Luke
20.2%
34Don Muraco
19.5%
33Hercules
19.2%
65Bushwhacker Butch
17.9%
59Dino Bravo
17.9%
93The Barbarian
17.5%
75Hurricane Helms
16.3%
69Paul Roma
15.8%
36SD Jones
15.6%
92Savio Vega
14.6%
67Sho Funaki
13%
94Jim Brunzell
10.6%
98Sika
9.5%
80Jim Powers
9.4%
72Iron Mike Sharpe
8%
71Tony Garea
7%
Remove Ads.
Support Sporcle.
Get the best of Sporcle when you Go Orange. This ad-free experience offers more features, more stats, and more fun while also helping to support Sporcle. Thank you for becoming a member.

You're not logged in!

Compare scores with friends on all Sporcle quizzes.
OR
Log In

Sporcle TV

Today on Sporcle TV


Watch our educational content, quiz creation guides, and fun videos on Sporcle TV.

Show Comments

Extras

Top Quizzes Today


Score Distribution

Paid Content

Your Account Isn't Verified!

In order to create a playlist on Sporcle, you need to verify the email address you used during registration. Go to your Sporcle Settings to finish the process.

Report this User

Report this user for behavior that violates our Community Guidelines.

Details: